Návrh systému pre využitie elektrickej energie vyrobenej v rezidenčnej fotovoltickej elektrárni
Enregistré dans:
| Auteur principal: | |
|---|---|
| Autres auteurs: | |
| Format: | Manuscrit Livre |
| Langue: | slovaque |
| Publié: |
2025
|
| Sujets: | |
| Accès en ligne: | http://is.stuba.sk/zp/portal_zp.pl?podrobnosti=185080 |
| Tags: |
Pas de tags, Soyez le premier à ajouter un tag!
|
MARC
| LEADER | 00000ntm a22000003a 4500 | ||
|---|---|---|---|
| 001 | stuzp101575 | ||
| 003 | SK-STU | ||
| 005 | 20250628210521.4 | ||
| 007 | ta | ||
| 008 | 150427s2015----xo-----f-mn---000-0-slo-d | ||
| 040 | |a STU |b slo | ||
| 041 | 0 | |a slo | |
| 100 | 1 | |a Kříž, Stanislav |u 066000 |4 aut |U MTF Materiálovotechnologická fakulta |T MTF Ústav aplikovanej informatiky, automatizácie a mechatroniky |X 121889 |U M6000 |Y 86 |7 121889 | |
| 242 | 0 | 1 | |a System proposal for the utilization of energy produced in a residential photovoltaic power plant |y eng |
| 245 | 1 | 0 | |a Návrh systému pre využitie elektrickej energie vyrobenej v rezidenčnej fotovoltickej elektrárni |
| 260 | |c 2025 | ||
| 650 | 4 | |a spotreba |2 slo | |
| 650 | 4 | |a riadenie |2 slo | |
| 650 | 4 | |a fotovoltická elektráreň |2 slo | |
| 650 | 4 | |a PLC |2 slo | |
| 650 | 4 | |a striedač |2 slo | |
| 650 | 4 | |a SIEMENS LOGO! |2 slo | |
| 650 | 4 | |a control |2 eng | |
| 650 | 4 | |a photovoltaic power plant |2 eng | |
| 650 | 4 | |a PLC |2 eng | |
| 650 | 4 | |a inverter |2 eng | |
| 650 | 4 | |a SIEMENS LOGO! |2 eng | |
| 650 | 4 | |a consumption |2 eng | |
| 700 | 1 | |a Gašpar, Gabriel |u 066000 |k Z8 |4 ths |U MTF Materiálovotechnologická fakulta |T MTF Ústav aplikovanej informatiky, automatizácie a mechatroniky |X 44945 |U M6000 |Y 86 |7 A000044945 | |
| 856 | 4 | |u http://is.stuba.sk/zp/portal_zp.pl?podrobnosti=185080 | |
| 996 | |c M* BP-9961 |l MMSKP |s P |a 0 |w stuzp101575_0001 | ||